|
|
|
|
| LEADER |
01994nam a22003257a 4500 |
| 001 |
34903 |
| 003 |
BD-DhAAL |
| 005 |
20230117154859.0 |
| 008 |
190725t2019 bg ||||| |||| 00| 1dben d |
| 020 |
|
|
|a 98483096634
|
| 040 |
|
|
|a BD-DhAAL
|c BD-DhAAL
|
| 041 |
|
|
|a ben
|
| 082 |
|
|
|a 891.44371
|2 23
|
| 245 |
|
|
|a বেগম রোকেয়া রচনাসমগ্র /
|c সম্পাদনা মুহাম্মদ জমির হোসেন
|
| 260 |
|
|
|a ঢাকা :
|b বিশ্বসাহিত্য ভবন,
|c ২০১৯.
|
| 300 |
|
|
|a ৪০০ পৃষ্ঠা ;
|c ২৪ সে.মি.
|
| 504 |
|
|
|a গ্রন্থপঞ্জিগত নির্দেশিকা ও নির্ঘণ্ট অন্তর্ভুক্ত।
|
| 526 |
|
|
|a Residential Campus
|
| 541 |
|
|
|a Development Book Agency
|e 34903, 35015, 40594, 40595
|
| 600 |
|
|
|a Rokeya, Begama,
|d 1880-1932
|9 33142
|
| 650 |
|
|
|a Bengali fiction.
|9 33143
|
| 650 |
|
|
|a Bengali literature.
|
| 700 |
|
|
|a হোসেন, মুহাম্মদ জমির
|9 33144
|
| 852 |
|
|
|a Ayesha Abed Library
|c General Stacks
|
| 942 |
|
|
|2 ddc
|c BK
|
| 999 |
|
|
|c 40973
|d 40973
|
| 952 |
|
|
|0 0
|1 0
|2 ddc
|4 0
|6 891_443710000000000_BEG
|7 0
|9 65749
|a BRACUL
|b BRACUL
|c GEN
|d 2019-07-17
|e Development Book Agency
|g 425.00
|l 10
|m 37
|o 891.44371 BEG
|p 3010035015
|r 2026-02-22
|s 2026-01-19
|t 2
|v 425.00
|w 2019-07-17
|y BK
|
| 952 |
|
|
|0 0
|1 0
|2 ddc
|4 0
|6 891_443710000000000_BEG
|7 0
|9 65866
|a SCL
|b SCL
|c GEN
|d 2019-07-24
|e Development Book Agency
|g 425.00
|l 15
|m 17
|o 891.44371 BEG
|p 3020034903
|r 2025-02-12
|s 2025-02-09
|t 1
|v 425.00
|w 2019-07-24
|y BK
|
| 952 |
|
|
|0 0
|1 0
|2 ddc
|4 0
|6 891_443710000000000_BEG
|7 0
|9 72669
|a SCL
|b SCL
|c GEN
|d 2023-01-05
|e Development Book Agency
|g 425.00
|l 7
|m 1
|o 891.44371 BEG
|p 3020040595
|r 2025-08-04
|s 2025-07-30
|t 4
|v 425.00
|w 2023-01-05
|y BK
|
| 952 |
|
|
|0 0
|1 0
|2 ddc
|4 0
|6 891_443710000000000_BEG
|7 0
|9 72670
|a SCL
|b SCL
|c GEN
|d 2023-01-05
|e Development Book Agency
|g 425.00
|l 8
|m 12
|o 891.44371 BEG
|p 3020040594
|r 2026-03-09
|s 2026-03-03
|t 3
|v 425.00
|w 2023-01-05
|y BK
|